[Event "Reykjavik op"]
[Site "Reykjavik"]
[Date "2012.03.12"]
[Round "8"]
[White "Brynjarsson, Eirikur Orn"]
[Black "Thorsteinsdottir, Gudlaug"]
[Result "0-1"]
[WhiteElo "1638"]
[BlackElo "2085"]
[PlyCount "49"]
[EventDate "2012.03.06"]
[EventType "swiss"]
[EventRounds "9"]
[EventCountry "ISL"]
[SourceTitle "CBM 147 Extra"]
[Source "ChessBase"]
[SourceDate "2012.04.24"]
[SourceVersion "1"]
[SourceVersionDate "2012.04.24"]
[SourceQuality "1"]

1. e4 c5 2. Nf3 e6 3. d4 cxd4 4. Nxd4 a6 5. Nc3 Qc7 6. Bd3 Nf6 7. Nb3 Bd6 8. h3 b5 9. 0-0 b4 10. Ne2 Bb7 11. f3 Qb6+ 12. Kh1 h5 13. Bg5 Nc6 14. f4 Ng4 15. Qe1 f6 16. Bh4 0-0-0 17. Qg3 g5 18. hxg4 hxg4 19. Qf2 Qxf2 20. Rxf2 Rxh4+ 21. Kg1 Rdh8 22. Rff1 Rh1+ 23. Kf2 Rxf1+ 24. Rxf1 gxf4 25. Nxf4 0-1

[Event "Reykjavik op"]
[Site "Reykjavik"]
[Date "2012.03.06"]
[Round "1"]
[White "Brynjarsson, Eirikur Orn"]
[Black "Arjun, Bharat"]
[Result "0-1"]
[WhiteElo "1638"]
[BlackElo "2210"]
[PlyCount "137"]
[EventDate "2012.03.06"]
[EventType "swiss"]
[EventRounds "9"]
[EventCountry "ISL"]
[SourceTitle "CBM 147 Extra"]
[Source "ChessBase"]
[SourceDate "2012.04.24"]
[SourceVersion "1"]
[SourceVersionDate "2012.04.24"]
[SourceQuality "1"]

1. e4 c5 2. Nf3 d6 3. d4 cxd4 4. Nxd4 Nf6 5. Nc3 g6 6. Bd3 Bg7 7. 0-0 0-0 8. h3 Nc6 9. Nb3 Be6 10. Be3 Ne5 11. f4 Nc4 12. Qc1 Nxe3 13. Qxe3 Qb6 14. Qxb6 axb6 15. Rae1 Nd7 16. f5 Bxb3 17. axb3 Bxc3 18. bxc3 Ne5 19. Ra1 Rfc8 20. c4 f6 21. g4 g5 22. Kg2 Ra5 23. Rxa5 bxa5 24. Ra1 b6 25. Kf2 Kf7 26. Ke3 Ke8 27. Be2 Kd7 28. c3 Kc6 29. Kd4 Kb7 30. Ke3 Rd8 31. Ra2 Kc7 32. Ra1 Nd7 33. Bd1 Kc6 34. Kd4 Nc5 35. b4 e5+ 36. Ke3 Nb7 37. Ba4+ Kc7 38. Bb5 Ra8 39. Kf3 h5 40. Kg3 Kc8 41. Bc6 Nd8 42. Bd5 hxg4 43. hxg4 Nb7 44. Bxb7+ Kxb7 45. bxa5 Rc8 46. a6+ Ka7 47. Ra4 Rc5 48. Rb4 Kxa6 49. Kf3 Ka5 50. Ke3 b5 51. Kd3 bxc4+ 52. Rxc4 Kb6 53. Ra4 d5 54. exd5 Rxd5+ 55. Ke4 Rd8 56. Rc4 Rd6 57. Rc8 Rc6 58. Rf8 Kc5 59. Ra8 Rd6 60. Rc8+ Kb6 61. Re8 Kc7 62. Re7+ Kd8 63. Ra7 Ke8 64. Rc7 Rd1 65. Rc6 Ke7 66. Re6+ Kf7 67. Ke3 Rg1 68. Kf3 Rc1 69. Ke3 0-1

[Event "Reykjavik op"]
[Site "Reykjavik"]
[Date "2011.03.16"]
[Round "9"]
[White "Brynjarsson, Eirikur Orn"]
[Black "Puuska, Heini"]
[Result "0-1"]
[WhiteElo "1626"]
[BlackElo "2014"]
[PlyCount "60"]
[EventDate "2011.03.09"]
[EventType "swiss"]
[EventRounds "9"]
[EventCountry "ISL"]
[SourceTitle "CBM 141 Extra"]
[Source "ChessBase"]
[SourceDate "2011.05.03"]
[SourceVersion "1"]
[SourceVersionDate "2011.05.03"]
[SourceQuality "1"]

1. e4 e6 2. d4 d5 3. exd5 exd5 4. Nf3 Bg4 5. Be3 Nc6 6. c3 Bd6 7. Bd3 Nge7 8. h3 Bh5 9. Nbd2 f5 10. Bg5 Qd7 11. 0-0 0-0-0 12. Qc2 h6 13. Bxe7 Nxe7 14. Rfe1 Rde8 15. Ne5 Bxe5 16. Rxe5 g6 17. Nb3 Nc6 18. Rxe8+ Rxe8 19. f3 Qe7 20. g4 fxg4 21. hxg4 Bxg4 22. fxg4 Qg5 23. Bxg6 Qxg4+ 24. Kh1 Qf3+ 25. Kg1 Rg8 26. Kh2 Ne7 27. Rg1 Nxg6 28. Rxg6 Qh5+ 29. Kg3 Rxg6+ 30. Kf4 Rg4+ 0-1

[Event "Nordic School-chT"]
[Site "Pandrup"]
[Date "2010.09.10"]
[Round "1.2"]
[White "Botheim, Tor"]
[Black "Brynjarsson, Eirikur Orn"]
[Result "1/2-1/2"]
[WhiteElo "1849"]
[BlackElo "1585"]
[PlyCount "67"]
[EventDate "2010.09.10"]
[EventType "team-tourn"]
[EventRounds "5"]
[EventCountry "DEN"]
[SourceTitle "EXT 2018"]
[Source "ChessBase"]
[SourceDate "2017.10.13"]
[SourceVersion "1"]
[SourceVersionDate "2017.10.13"]
[SourceQuality "1"]
[WhiteTeam "Norway"]
[BlackTeam "Iceland"]
[WhiteTeamCountry "NOR"]
[BlackTeamCountry "ISL"]

1. e4 e5 2. Nf3 Nc6 3. Bb5 a6 4. Ba4 b5 5. Bb3 Bc5 6. c3 Nf6 7. 0-0 0-0 8. d4 exd4 9. cxd4 Bb4 10. a3 Be7 11. e5 Ne8 12. d5 Na5 13. Bc2 d6 14. Qd3 g6 15. Bh6 Ng7 16. Qc3 Nc4 17. exd6 Bf6 18. dxc7 Qd6 19. Qb4 Qxc7 20. Be4 Rb8 21. Nbd2 Bxb2 22. Ra2 a5 23. Qb3 Bf6 24. Rc2 Qd6 25. Nxc4 bxc4 26. Qxc4 Ba6 27. Qc6 Qxc6 28. dxc6 Bxf1 29. c7 Ba6 30. cxb8Q Rxb8 31. Rc6 Bb7 32. Rb6 Rd8 33. Bc2 Bxf3 34. gxf3 1/2-1/2

[Event "Reykjavik op"]
[Site "Reykjavik"]
[Date "2010.02.28"]
[Round "6"]
[White "Brynjarsson, Eirikur Orn"]
[Black "Yurenok, Maria S"]
[Result "0-1"]
[WhiteElo "1653"]
[BlackElo "1974"]
[PlyCount "144"]
[EventDate "2010.02.24"]
[EventType "swiss"]
[EventRounds "9"]
[EventCountry "ISL"]
[SourceTitle "CBM 135 Extra"]
[Source "ChessBase"]
[SourceDate "2010.05.04"]
[SourceVersion "1"]
[SourceVersionDate "2010.05.04"]
[SourceQuality "1"]

1. e4 c5 2. Nf3 e6 3. d4 cxd4 4. Nxd4 Nc6 5. Nc3 Qc7 6. Be3 a6 7. Nf3 Nf6 8. a3 b5 9. Be2 Be7 10. 0-0 Ng4 11. Qd2 Nxe3 12. Qxe3 d6 13. Rad1 0-0 14. Bd3 Bb7 15. Rfe1 Ne5 16. Nxe5 dxe5 17. Qh3 Bc5 18. Ne2 g6 19. Ng3 Kh8 20. Qg4 Rad8 21. h4 f5 22. exf5 exf5 23. Qg5 e4 24. Be2 Qe7 25. Qf4 Bd6 26. Qh6 e3 27. f4 Qc7 28. Rf1 Qg7 29. Qxg7+ Kxg7 30. Rd3 Bc5 31. Rc3 Bb6 32. Re1 Rd7 33. Nf1 Re8 34. Kh2 Kf6 35. Kh3 Rd6 36. Nh2 Rd4 37. Kg3 Rd6 38. Nf3 Rc8 39. Rxc8 Bxc8 40. Bd3 Bb7 41. Re2 h6 42. b3 Be4 43. Ne1 g5 44. b4 Rd8 45. fxg5+ hxg5 46. hxg5+ Kxg5 47. Kh2 Kg4 48. Kg1 Bb7 49. c4 bxc4 50. Bxc4 f4 51. Kf1 Rh8 52. Kg1 Kg3 53. a4 Rd8 54. Bd3 Rd4 55. b5 a5 56. Bc2 Be4 57. Bb3 Rb4 58. Bc2 Bxc2 59. Nxc2 Rxa4 60. Ne1 Ra1 61. Kf1 Rd1 62. Ra2 Rd2 63. Ra3 Rf2+ 64. Kg1 Rd2 65. Kf1 Kg4 66. Nf3 Rf2+ 67. Kg1 e2 68. Kh2 Rf1 69. Ra2 e1Q 70. Nxe1 Rxe1 71. g3 fxg3+ 72. Kg2 Rg1# 0-1

[Event "Reykjavik op"]
[Site "Reykjavik"]
[Date "2010.02.27"]
[Round "5"]
[White "Guttulsrud, Odd Martin"]
[Black "Brynjarsson, Eirikur Orn"]
[Result "1-0"]
[WhiteElo "2061"]
[BlackElo "1653"]
[PlyCount "57"]
[EventDate "2010.02.24"]
[EventType "swiss"]
[EventRounds "9"]
[EventCountry "ISL"]
[SourceTitle "CBM 135 Extra"]
[Source "ChessBase"]
[SourceDate "2010.05.04"]
[SourceVersion "1"]
[SourceVersionDate "2010.05.04"]
[SourceQuality "1"]

1. e4 e5 2. Nf3 Nc6 3. Bb5 a6 4. Ba4 Bc5 5. 0-0 d6 6. c3 b5 7. Bb3 Bg4 8. h3 Bh5 9. d3 Nf6 10. Re1 h6 11. Nbd2 g5 12. g4 Nxg4 13. hxg4 Bxg4 14. Bd5 Qd7 15. Bxc6 Qxc6 16. Nb3 h5 17. d4 Bb6 18. Qd3 Qd7 19. Nh2 Bh3 20. Kh1 g4 21. Bg5 h4 22. Rg1 Rh5 23. Be3 Ke7 24. dxe5 Rxe5 25. Bxb6 cxb6 26. Nd4 Qb7 27. Nxg4 Rxe4 28. Qf3 Re8 29. Nf6 1-0

[Event "Reykjavik op"]
[Site "Reykjavik"]
[Date "2010.02.25"]
[Round "2"]
[White "Flaata, Alexander R"]
[Black "Brynjarsson, Eirikur Orn"]
[Result "1-0"]
[WhiteElo "2069"]
[BlackElo "1653"]
[PlyCount "39"]
[EventDate "2010.02.24"]
[EventType "swiss"]
[EventRounds "9"]
[EventCountry "ISL"]
[SourceTitle "CBM 135 Extra"]
[Source "ChessBase"]
[SourceDate "2010.05.04"]
[SourceVersion "1"]
[SourceVersionDate "2010.05.04"]
[SourceQuality "1"]

1. e4 e5 2. Nc3 Nc6 3. Bc4 Bc5 4. d3 d6 5. Na4 Nge7 6. Nxc5 dxc5 7. Be3 Qd6 8. Ne2 f5 9. exf5 Bxf5 10. Ng3 Bg6 11. 0-0 0-0-0 12. Qg4+ Kb8 13. Ne4 Bxe4 14. dxe4 Ng6 15. Rad1 Qf6 16. Bg5 Qf8 17. Bxd8 Nxd8 18. Rd7 Qf6 19. Rfd1 Nc6 20. Rf7 1-0

[Event "Akureyri-ch U20"]
[Site "Akureyri"]
[Date "2009.05.01"]
[Round "3"]
[White "Sverrisson, Nokkvi"]
[Black "Brynjarsson, Eirikur Orn"]
[Result "1/2-1/2"]
[WhiteElo "1675"]
[BlackElo "1510"]
[PlyCount "34"]
[EventDate "2009.04.30"]
[EventType "swiss"]
[EventRounds "4"]
[EventCountry "ISL"]
[SourceTitle "EXT 2010"]
[Source "ChessBase"]
[SourceDate "2010.11.25"]
[SourceVersion "1"]
[SourceVersionDate "2010.11.25"]
[SourceQuality "1"]

1. e4 e5 2. Nf3 Nc6 3. Bb5 a6 4. Ba4 b5 5. Bb3 Nf6 6. 0-0 Bc5 7. d3 h6 8. c3 Be7 9. Re1 0-0 10. h3 b4 11. Be3 d5 12. Bc2 d4 13. cxd4 exd4 14. Bf4 Bd6 15. Bxd6 cxd6 16. Nbd2 Be6 17. Nb3 Qb6 1/2-1/2

[Event "Reykjavik-ch"]
[Site "Reykjavik"]
[Date "2009.01.30"]
[Round "9"]
[White "Stefansson, Fridrik Thjalfi"]
[Black "Brynjarsson, Eirikur Orn"]
[Result "1-0"]
[WhiteElo "1640"]
[BlackElo "1641"]
[PlyCount "51"]
[EventDate "2009.01.11"]
[EventType "swiss"]
[EventRounds "9"]
[EventCountry "ISL"]
[SourceTitle "EXT 2010"]
[Source "ChessBase"]
[SourceDate "2010.11.25"]
[SourceVersion "1"]
[SourceVersionDate "2010.11.25"]
[SourceQuality "1"]

1. e4 c5 2. Nc3 d6 3. Nge2 Nc6 4. g3 Bg4 5. Bg2 Nd4 6. 0-0 Nf3+ 7. Kh1 Qd7 8. d3 Nf6 9. Be3 h5 10. h4 g5 11. Bxg5 Nxg5 12. hxg5 h4 13. f3 Bh3 14. gxf6 Bxg2+ 15. Kxg2 hxg3 16. Rh1 Rg8 17. Nxg3 exf6 18. Kf2 0-0-0 19. Nd5 Qe6 20. d4 b6 21. Qf1 Kb7 22. Qh3 Bg7 23. Qxe6 fxe6 24. Nc3 cxd4 25. Nce2 e5 26. Nf5 1-0

[Event "Reykjavik Hellir CC-ch"]
[Site "Reykjavik"]
[Date "2008.02.??"]
[Round "7"]
[White "Brynjarsson, Eirikur Orn"]
[Black "Lee, Gudmundur Kristinn"]
[Result "0-1"]
[WhiteElo "1664"]
[BlackElo "1445"]
[PlyCount "76"]
[EventDate "2008.02.??"]
[EventType "swiss"]
[EventRounds "7"]
[EventCountry "ISL"]
[SourceTitle "EXT 2010"]
[Source "ChessBase"]
[SourceDate "2010.11.25"]
[SourceVersion "1"]
[SourceVersionDate "2010.11.25"]
[SourceQuality "1"]

1. c4 c5 2. g3 e6 3. Bg2 Nf6 4. e3 Nc6 5. Ne2 Be7 6. Nbc3 d6 7. 0-0 Bd7 8. d4 b6 9. a3 Rc8 10. dxc5 bxc5 11. Nb5 d5 12. cxd5 exd5 13. Bxd5 Nxd5 14. Qxd5 Bg4 15. Qxd8+ Rxd8 16. f3 Bh3 17. Re1 0-0 18. g4 Ne5 19. Rf1 Bxf1 20. Kxf1 Nxf3 21. Kg2 Nh4+ 22. Kg3 a6 23. Nbc3 Ng6 24. h3 Bg5 25. Ne4 Bh4+ 26. Kg2 c4 27. Nd4 Rfe8 28. Nc5 a5 29. Nb7 Rd5 30. Nc6 Be1 31. Kf1 Rc8 32. e4 Rd3 33. Ncxa5 Bxa5 34. Nxa5 Ne5 35. Kg2 Rd1 36. Nb7 Nd3 37. Nd6 Rc6 38. Nf5 Rc7 0-1

[Event "Reykjavik-ch"]
[Site "Reykjavik"]
[Date "2008.01.06"]
[Round "1"]
[White "Brynjarsson, Eirikur Orn"]
[Black "Bjornsson, Sverrir Orn"]
[Result "0-1"]
[WhiteElo "1686"]
[BlackElo "2116"]
[PlyCount "34"]
[EventDate "2008.01.06"]
[EventType "swiss"]
[EventRounds "9"]
[EventCountry "ISL"]
[SourceTitle "EXT 2009"]
[Source "ChessBase"]
[SourceDate "2008.11.26"]
[SourceVersion "1"]
[SourceVersionDate "2008.11.26"]
[SourceQuality "1"]

1. e4 c5 2. Nf3 e6 3. d4 cxd4 4. Nxd4 Nc6 5. Nxc6 bxc6 6. e5 Qa5+ 7. c3 Qxe5+ 8. Be2 Ba6 9. Be3 Bxe2 10. Qxe2 Nf6 11. Nd2 d5 12. Nf3 Qc7 13. 0-0 Be7 14. Bd4 0-0 15. b4 Ne4 16. Nd2 e5 17. Bc5 Nxc5 0-1